Statistics for Bordering Countries by Flag #29

Click here to take the quiz!

General Stats

  • This quiz has been taken 53 times
  • The average score is 7 of 7

Answer Stats

Country% Correct
Chad
98%
Egypt
98%
Eritrea
98%
Ethiopia
98%
South Sudan
98%
Libya
96%
Central African Republic
88%

Score Distribution

Percentile by Number Answered

Percent of People with Each Score

Your Score History

You have not taken this quiz